000 00603nam a2200181Ia 4500
003 GCL
008 140319s9999 xx 000 0 ara d
040 _aGCL /
_cGCL
082 0 4 _a811.009
_bس ن
100 1 _aسيد صديق عبدالفتاح
245 1 0 _aنثريات احمد شوقى /
_cسيد صديق عبدالفتاح
300 _a208 ص
490 _aالهيئة العامة للاستعلامات
_v0
650 0 4 _aاحمد شوقى
650 0 4 _aالشعر العربى - دواوين وقصائد
650 0 4 _aالشعر العربى - العصر الحديث
942 _2ddc
_cBK
999 _c52091
_d52091